000 00673nab a2200181 4500
001 244442
003 OSt
005 20260311095716.0
007 tu
008 260311s2020|||||||
040 _aDE-2950
_cDE-2950
245 0 0 _aNach Krimi um Kürzungspläne - so geht es im STuck weiter
_bStudentenclub. Das Stuck ist eine gefragte Party-Location, doch städtische Sparpläne hätten fast das Ende bedeutet. Aufatmen können die Betreiber aber weiter nicht/
_cChristina Pekel
264 _c2026
653 _aFrankfurt (Oder)
653 _aStudentenclub
773 0 _g37. Jahrgang (2026) Nr. 56 vom 07.03.2026 , S. 17, mit Foto
_tMärkische Oderzeitung
942 _2z
_cA
999 _c374337
_d374337